Ivy League Universities - Statistics

General Stats
  • This quiz has been taken 115 times
  • The average score is 7 of 8
Answer Stats
Location University/Athletic Name % Correct
Cambridge, Massachusetts Harvard University
100%
Princeton, New Jersey Princeton University
99%
New Haven, Connecticut Yale University
98%
Providence, Rhode Island Brown University
96%
New York City, New York Columbia University
93%
Philadelphia, Pennsylvania University of Pennsylvania
86%
Ithaca, New York Cornell University
85%
Hanover, New Hampshire Dartmouth College
82%
No matching quizzes found
Score Distribution
Percent of People with Each Score
Percentile by Number Answered
Your Score History
You have not taken this quiz